[Event "Pozarevac Rudar 16th"]
[Site "Pozarevac"]
[Date "2023.08.16"]
[Round "6"]
[White "Rajkovic, Aleksandar"]
[Black "Stankovic, Boris"]
[Result "0-1"]
[WhiteElo "2163"]
[BlackElo "2241"]
[PlyCount "56"]
[EventDate "2023.08.11"]
[EventType "tourn"]
[EventRounds "9"]
[EventCountry "SRB"]
[EventCategory "1"]
[SourceTitle "EXT 2024"]
[Source "ChessBase"]
[SourceDate "2023.10.10"]
[SourceVersion "1"]
[SourceVersionDate "2023.10.10"]
[SourceQuality "1"]

1. e4 c5 2. Ne2 Nc6 3. c4 g6 4. Nbc3 Bg7 5. d3 Nf6 6. g3 d6 7. Bg2 h5 8. h3 Be6 9. Be3 Nd7 10. Qd2 Nd4 11. Nf4 Qa5 12. 0-0 Ne5 13. Qd1 Bd7 14. a3 Qd8 15. f3 g5 16. Nfe2 g4 17. fxg4 hxg4 18. h4 Nef3+ 19. Kf2 e5 20. Rh1 Be6 21. Bxd4 cxd4 22. Nd5 Bxd5 23. cxd5 Qf6 24. Qa4+ Ke7 25. Rhc1 Bh6 26. Rc7+ Kf8 27. Nf4 exf4 28. Bxf3 fxg3+ 0-1

[Event "Pozarevac Rudar 2nd"]
[Site "Pozarevac"]
[Date "2022.04.09"]
[Round "9"]
[White "Bryakin, Mikhail"]
[Black "Rajkovic, Aleksandar"]
[Result "1-0"]
[WhiteElo "2441"]
[BlackElo "2181"]
[PlyCount "63"]
[EventDate "2022.04.02"]
[EventType "tourn"]
[EventRounds "9"]
[EventCountry "SRB"]
[SourceTitle "CBM 207 Extra"]
[Source "ChessBase"]
[SourceDate "2022.05.31"]
[SourceVersion "1"]
[SourceVersionDate "2022.05.31"]
[SourceQuality "1"]

1. d4 d5 2. Nf3 Nf6 3. c4 e6 4. g3 Ne4 5. Bg2 f5 6. 0-0 Be7 7. Qc2 c6 8. Nbd2 0-0 9. Rd1 Bd7 10. Ne5 Nxd2 11. Bxd2 Be8 12. Rac1 Nd7 13. Bf4 g5 14. Nxd7 Qxd7 15. Be5 Bg6 16. Qd2 a5 17. c5 h6 18. Rc3 Rae8 19. Ra3 b6 20. cxb6 Bxa3 21. bxa3 Ra8 22. Rc1 Qb7 23. Bc7 Rfc8 24. h4 Rxc7 25. bxc7 Qxc7 26. hxg5 hxg5 27. Qxg5 Kf7 28. Bf3 Rg8 29. e3 Qe7 30. Qxe7+ Kxe7 31. Rxc6 Ra8 32. Bxd5 1-0

[Event "Pozarevac Rudar 2nd"]
[Site "Pozarevac"]
[Date "2022.04.06"]
[Round "6"]
[White "Rajkovic, Aleksandar"]
[Black "Anishka, Vikram"]
[Result "1/2-1/2"]
[WhiteElo "2181"]
[BlackElo "2000"]
[PlyCount "33"]
[EventDate "2022.04.02"]
[EventType "tourn"]
[EventRounds "9"]
[EventCountry "SRB"]
[SourceTitle "CBM 207 Extra"]
[Source "ChessBase"]
[SourceDate "2022.05.31"]
[SourceVersion "1"]
[SourceVersionDate "2022.05.31"]
[SourceQuality "1"]

1. c4 Nf6 2. Nc3 d5 3. cxd5 Nxd5 4. Nf3 Nxc3 5. bxc3 g6 6. d4 Bg7 7. Bf4 c5 8. e3 Nc6 9. Be2 Qa5 10. 0-0 cxd4 11. cxd4 0-0 12. Qb3 e5 13. dxe5 Nxe5 14. Bxe5 Bxe5 15. Nxe5 Qxe5 16. Bf3 Rb8 17. Rab1 1/2-1/2

[Event "Pozarevac Rudar 2nd"]
[Site "Pozarevac"]
[Date "2022.04.02"]
[Round "1"]
[White "Rajkovic, Aleksandar"]
[Black "Savitha Shri, B."]
[Result "0-1"]
[WhiteElo "2181"]
[BlackElo "2146"]
[PlyCount "78"]
[EventDate "2022.04.02"]
[EventType "tourn"]
[EventRounds "9"]
[EventCountry "SRB"]
[SourceTitle "CBM 207 Extra"]
[Source "ChessBase"]
[SourceDate "2022.05.31"]
[SourceVersion "1"]
[SourceVersionDate "2022.05.31"]
[SourceQuality "1"]

1. f4 d5 2. Nf3 Nf6 3. e3 g6 4. c4 c6 5. b3 Bg7 6. Bb2 Bf5 7. Be2 0-0 8. 0-0 a5 9. cxd5 cxd5 10. Na3 Na6 11. Nd4 Bd7 12. Nab5 Qb6 13. Rc1 Rac8 14. a4 Nb4 15. Ba3 Ne4 16. Bxb4 Bxd4 17. Bxa5 Bxe3+ 18. Kh1 Qxa5 19. dxe3 Nd2 20. Rxc8 Rxc8 21. Re1 Nxb3 22. Rg1 Bxb5 23. Bxb5 Rc1 24. Qe2 Qc3 25. h3 Nd2 26. Rxc1 Qxc1+ 27. Kh2 Nc4 28. f5 Nxe3 29. fxg6 hxg6 30. Qf3 Qd2 31. Be8 Nf5 32. Bd7 e6 33. Kg1 Qe1+ 34. Qf1 Qe3+ 35. Kh2 d4 36. Bb5 e5 37. Qf3 e4 38. Qxe3 Nxe3 39. a5 d3 0-1

[Event "SRB-chT 2nd League East play out"]
[Site "Knic"]
[Date "2019.10.06"]
[Round "1.3"]
[White "Rajkovic, Aleksandar"]
[Black "Randjelovic, Ivica"]
[Result "1-0"]
[WhiteElo "2135"]
[BlackElo "1960"]
[PlyCount "97"]
[EventDate "2019.10.06"]
[EventType "team-match"]
[EventRounds "1"]
[EventCountry "SRB"]
[SourceTitle "CBM 195 Extra"]
[Source "ChessBase"]
[SourceDate "2020.05.31"]
[SourceVersion "1"]
[SourceVersionDate "2020.05.31"]
[SourceQuality "1"]
[WhiteTeam "Pozarevac"]
[BlackTeam "Aleksinac"]
[WhiteTeamCountry "SRB"]
[BlackTeamCountry "SRB"]

1. b3 Nf6 2. Bb2 e6 3. Nf3 c5 4. g3 Nc6 5. Bg2 Be7 6. 0-0 0-0 7. c4 d5 8. d3 Qc7 9. Nbd2 d4 10. e3 e5 11. exd4 exd4 12. a3 a5 13. Re1 Bg4 14. h3 Bh5 15. Qc2 Rfe8 16. Re2 Bd6 17. Rae1 Rxe2 18. Rxe2 Qd7 19. g4 Bg6 20. Nh4 Re8 21. Ndf3 Rxe2 22. Qxe2 Qe7 23. Kf1 Qxe2+ 24. Kxe2 Bf4 25. Ne1 Nd8 26. Nxg6 hxg6 27. b4 axb4 28. axb4 b6 29. bxc5 bxc5 30. Ba3 Ne6 31. Bd5 Bd6 32. Bxe6 fxe6 33. Nc2 g5 34. Nxd4 Kf7 35. Nb3 Nd7 36. d4 Be7 37. Nxc5 Nb6 38. Kd3 Na4 39. Nxa4 Bxa3 40. c5 Ke7 41. Nc3 e5 42. Nb5 Bb4 43. Kc4 Be1 44. d5 Bxf2 45. d6+ Kd8 46. c6 e4 47. Kd5 e3 48. c7+ Kd7 49. Na7 1-0

[Event "SRB-chT 2nd League East"]
[Site "Knic"]
[Date "2019.09.07"]
[Round "3.3"]
[White "Kolbert, Engelbert"]
[Black "Rajkovic, Aleksandar"]
[Result "1/2-1/2"]
[WhiteElo "2085"]
[BlackElo "2135"]
[PlyCount "23"]
[EventDate "2019.09.06"]
[EventType "team-tourn"]
[EventRounds "11"]
[EventCountry "SRB"]
[SourceTitle "EXT 2020"]
[Source "ChessBase"]
[SourceDate "2019.10.17"]
[SourceVersion "1"]
[SourceVersionDate "2019.10.17"]
[SourceQuality "1"]
[WhiteTeam "Bor Bakar"]
[BlackTeam "Pozarevac"]
[WhiteTeamCountry "SRB"]
[BlackTeamCountry "SRB"]

1. e4 e5 2. Nf3 Nc6 3. Bc4 Nf6 4. d3 Bc5 5. c3 d6 6. b4 Bb6 7. h3 h6 8. 0-0 a6 9. Qe2 Qe7 10. Be3 Bxe3 11. fxe3 Be6 12. Bxe6 1/2-1/2

[Event "Veliko Gradiste Silver Lake op"]
[Site "Veliko Gradiste"]
[Date "2019.06.21"]
[Round "7"]
[White "Rajkovic, Aleksandar"]
[Black "Gallevci, Yagiz"]
[Result "0-1"]
[WhiteElo "2178"]
[BlackElo "1903"]
[PlyCount "132"]
[EventDate "2019.06.16"]
[EventType "swiss"]
[EventRounds "9"]
[EventCountry "SRB"]
[SourceTitle "CBM 191 Extra"]
[Source "ChessBase"]
[SourceDate "2019.09.30"]
[SourceVersion "1"]
[SourceVersionDate "2019.09.30"]
[SourceQuality "1"]

1. Nf3 d5 2. c4 c6 3. e3 Nf6 4. Nc3 g6 5. d4 Bg7 6. Be2 0-0 7. 0-0 Bg4 8. Qb3 Qb6 9. h3 Bxf3 10. Bxf3 e6 11. Rd1 Nbd7 12. e4 dxe4 13. Nxe4 Nxe4 14. Bxe4 e5 15. dxe5 Nxe5 16. Be3 Qc7 17. Bc5 Rfd8 18. f4 Nd7 19. Bd6 Qb6+ 20. Qxb6 Nxb6 21. c5 Nc4 22. Rab1 Nxd6 23. cxd6 Rd7 24. b4 a6 25. a4 Rad8 26. b5 axb5 27. axb5 Rxd6 28. Rxd6 Rxd6 29. bxc6 bxc6 30. Rb8+ Bf8 31. Rc8 c5 32. f5 Rd4 33. fxg6 hxg6 34. Bf3 Kg7 35. Kf2 Bd6 36. Ke3 f5 37. Rc6 Kf6 38. Rc8 g5 39. Ke2 Ke7 40. Bc6 Bf4 41. Bf3 Rd2+ 42. Ke1 Rc2 43. Be2 Rc1+ 44. Bd1 Kd6 45. g4 fxg4 46. hxg4 Ke5 47. Ke2 Kd4 48. Rd8+ Kc3 49. Rd3+ Kb4 50. Rb3+ Kc4 51. Ra3 Rb1 52. Bc2 Rg1 53. Bf5 Rg2+ 54. Kd1 Rd2+ 55. Ke1 Rd6 56. Ke2 Kb4 57. Rd3 Ra6 58. Kd1 c4 59. Rh3 Ra1+ 60. Kc2 Rc1+ 61. Kb2 c3+ 62. Ka2 Be5 63. Re3 Ra1+ 64. Kxa1 c2+ 65. Ka2 c1Q 66. Rxe5 Qa3+ 0-1

[Event "Veliko Gradiste Silver Lake op"]
[Site "Veliko Gradiste"]
[Date "2019.06.20"]
[Round "6"]
[White "Shoshin, Kirill"]
[Black "Rajkovic, Aleksandar"]
[Result "0-1"]
[WhiteElo "1998"]
[BlackElo "2178"]
[PlyCount "56"]
[EventDate "2019.06.16"]
[EventType "swiss"]
[EventRounds "9"]
[EventCountry "SRB"]
[SourceTitle "CBM 191 Extra"]
[Source "ChessBase"]
[SourceDate "2019.09.30"]
[SourceVersion "1"]
[SourceVersionDate "2019.09.30"]
[SourceQuality "1"]

1. d4 d6 2. e4 Nf6 3. Nc3 g6 4. Bg5 Nbd7 5. Qd2 h6 6. Bh4 c6 7. f4 Qa5 8. Nf3 b5 9. Bd3 b4 10. Ne2 Ba6 11. e5 Nd5 12. e6 N7f6 13. exf7+ Kxf7 14. 0-0 Bxd3 15. cxd3 Bg7 16. Ng3 Rhe8 17. f5 g5 18. Bxg5 hxg5 19. Nxg5+ Kg8 20. Ne6 Rf8 21. Qg5 Rf7 22. h4 Nh7 23. Qg6 Nf8 24. Qg5 Nf6 25. Ne4 Nxe4 26. dxe4 Nxe6 27. Qg6 Rf6 28. Qg4 Nxd4 0-1

[Event "Veliko Gradiste Silver Lake op"]
[Site "Veliko Gradiste"]
[Date "2019.06.18"]
[Round "4"]
[White "Danaci, Ege"]
[Black "Rajkovic, Aleksandar"]
[Result "0-1"]
[WhiteElo "1909"]
[BlackElo "2178"]
[PlyCount "136"]
[EventDate "2019.06.16"]
[EventType "swiss"]
[EventRounds "9"]
[EventCountry "SRB"]
[SourceTitle "CBM 191 Extra"]
[Source "ChessBase"]
[SourceDate "2019.09.30"]
[SourceVersion "1"]
[SourceVersionDate "2019.09.30"]
[SourceQuality "1"]

1. e4 d5 2. exd5 Qxd5 3. Nc3 Qa5 4. d4 c6 5. Bc4 Nf6 6. Nf3 Bg4 7. h3 Bxf3 8. Qxf3 e6 9. Bd2 Nbd7 10. 0-0-0 Qc7 11. Rhe1 0-0-0 12. Bf4 Bd6 13. Bxd6 Qxd6 14. g4 Nb6 15. Bf1 Rd7 16. g5 Nfd5 17. Ne4 Qf4+ 18. Qxf4 Nxf4 19. Nc5 Rd5 20. c4 Rxg5 21. Ne4 Rh5 22. Nd6+ Kc7 23. c5 Nd7 24. Re3 f6 25. Ra3 Ra8 26. b4 Nd5 27. Rdd3 b5 28. Rg3 g6 29. Bg2 a6 30. Bxd5 Rxd5 31. Rge3 e5 32. dxe5 fxe5 33. Rf3 Nxc5 34. Nxb5+ cxb5 35. Rac3 Kd6 36. bxc5+ Rxc5 37. Rxc5 Kxc5 38. Rf7 Kb4 39. Kb2 Rd8 40. a3+ Ka4 41. f4 exf4 42. Rxf4+ Ka5 43. h4 Rd2+ 44. Kc3 Rh2 45. Kb3 Rh3+ 46. Kb2 Rg3 47. h5 Rg5 48. hxg6 hxg6 49. Rf6 Rg3 50. Re6 g5 51. Rd6 Rg2+ 52. Kb3 g4 53. Re6 Rg1 54. Rg6 g3 55. Kb2 b4 56. axb4+ Kxb4 57. Rxa6 Kc4 58. Rg6 Kd3 59. Rg8 Ke3 60. Kc2 Kf3 61. Rf8+ Kg2 62. Kd2 Rf1 63. Rg8 Kf2 64. Rf8+ Kg1 65. Rg8 g2 66. Ke2 Rf7 67. Ra8 Rh7 68. Kf3 Kh1 0-1